Doris Salcedo : (Registro nro. 20339)

Detalles MARC
000 -CABECERA
Campo de control 01263nam a2200289 a 4500
005 - FECHA Y HORA DE LA ULTIMA TRANSACCION
Campo de control 20181019170054.0
008 - ELEMENTOS DE LONGITUD FIJA—INFORMACION GENERAL
Campo de control 160229s2015 ck a gr 00010 spa d
020 ## - ISBN
ISBN 9789585862524 (Colección)
020 ## - ISBN
ISBN 9789585862555 (Trauma y memoria)
040 ## - FUENTE DE CATALOGACIÓN
Agencia catalogadora original CO-BoBLA
Agencia transcriptora CO-BoBLA
Agencia Modificadora CO-BoIAVH
041 0# - IDIOMA
Código de idioma para texto/pista de sonido o título separado Español
044 ## - PAÍS DE PUBLICACIÓN
País de publicación Colombia
082 04 - NUMERO DE CLASIFICACION DECIMAL DEWEY
Número de clasificación 709.86
Número del ítem D69s
245 10 - MENCION DE TITULO
Título Doris Salcedo :
Parte restante del título trauma y memoria /
Mención de responsabilidad dirección editorial José Ignacio Roca y Alejandro Martín ; ilustradora Doris Salcedo ; traductora Erika Tanacs ; prologuista Julieta González
250 ## - MENCION DE EDICION
Mención de edición Primera edición
260 ## - PUBLICACION, DISTRIBUCION, ETC. (PIE DE IMPRENTA)
Lugar de publicación, distribución, etc. Bogotá (Colombia) :
Nombre del editor, distribuidor, etc. Seguros Bolívar,
Fecha de publicación, distribución, etc. 2015.
300 ## - DESCRIPCION FISICA
Extensión 112 páginas :
Otros detalles físicos ilustraciones y fotografías ;
Dimensiones 29 x 25 cm.
490 0# - MENCION DE SERIE
Mención de serie Colección de Arte Contemporáneo Seguros Bolívar
504 ## - NOTA DE BIBLIOGRAFIA, ETC.
Nota de bibliografía Inlcuye referencias bibliográficas.
600 14 - ASIENTO SECUNDARIO DE MATERIA - NOMBRE PERSONAL
Nombre persona Salcedo, Doris
Fechas asociadas con el nombre 1958-
Subdivisión general Trabajos artísticos
Subdivisión de forma Exposiciones
9 (RLIN) 101381
650 24 - ASIENTO SECUNDARIO DE MATERIA - TERMINO TEMATICO
Término temático o nombre geográfico como elemento de entrada Arte colombiano
Subdivisión de forma Exposiciones
-- Catálogos
9 (RLIN) 101369
650 24 - ASIENTO SECUNDARIO DE MATERIA - TERMINO TEMATICO
Término temático o nombre geográfico como elemento de entrada Artistas plásticos colombianos
Subdivisión de forma Exposiciones
-- Catálogos
9 (RLIN) 101370
700 1# - ASIENTO SECUNDARIO - NOMBRE PERSONAL
Nombre personal Martín, Alejandro
9 (RLIN) 101372
Término de relación editor
700 1# - ASIENTO SECUNDARIO - NOMBRE PERSONAL
Nombre personal Roca, José Ignacio
9 (RLIN) 101371
Término de relación editor
700 1# - ASIENTO SECUNDARIO - NOMBRE PERSONAL
Nombre personal Salcedo, Doris
Fechas asociadas con el nombre 1958-
Término de relación ilustradora
9 (RLIN) 101381
942 ## - ELEMENTOS ADICIONALES (KOHA)
Sistema de clasificación Dewey Decimal Classification
Tipo de ítem Libro
Existencias
Withdrawn status Lost status Sistema de Clasificación Damaged status No para préstamo Colección Inventariado Ubicación Permanente Ubicación actual Fecha de adquisición Total Checkouts Número topográfico Inventario / Código de Barras Date last seen Ejemplar Price effective from Forma de adquisición Tipo de material
    Dewey Decimal Classification     General Inventariado 2018 Bogotá Bogotá 19/10/2018   LB-709.86 D69s 030355 19/10/2018 Ej. 1 19/10/2018 Donación Libro